[Event "City of Dublin IM Norm Tournament 2011"]
[Site "Dublin IRL"]
[Date "2011.08.26"]
[Round "1"]
[White "Wall, Gavin"]
[Black "Daly, Colm"]
[Result "1/2-1/2"]
[WhiteTitle "IM"]
[BlackTitle "FM"]
[WhiteElo "2329"]
[BlackElo "2305"]
[WhiteICU "2311"]
[BlackICU "2258"]
[BlackClub "Bray/Greystones"]
[WhiteFideId "2501244"]
[BlackFideId "2500434"]
[PlyCount "91"]
[EventDate "2011.08.26"]
[Source "P. Fitzsimons, C. Quinn at LCU blog"]

{ Source: Pat Fitzsimons, Ciar&aacute;n Quinn at LCU Chess Cogitations
blog. } { Reference: <a
href="http://www.irlchess.com/cityofdublinimnorm2011_allfiles/pairings_cityofdublinimnorm2011.html">Tournament
report</a>. }

1. e4 c5 2. Nf3 d6 3. d4 cxd4 4. Qxd4 a6 5. Bg5 Nc6 6. Qd2 h6 7. Bh4 Nf6 8.
Nc3 g5 9. Bg3 Nh5 10. O-O-O Bg7 11. Bc4 Bg4 12. Qe3 Nxg3 13. hxg3 e6 14.
Rd2 Bxf3 15. gxf3 Na5 16. Bb3 Rc8 17. f4 gxf4 18. gxf4 Bxc3 19. bxc3 Qc7
20. Rd3 Qc5 21. Qg3 Nc4 22. Bxc4 Qxc4 23. Re1 Qxa2 24. f5 e5 25. f4 Qa5 26.
Qg7 Rf8 27. Kd2 Qc5 28. Kd1 Rc6 29. Qxh6 Rg8 30. Qh7 Rf8 31. f6 exf4 32.
Qh6 Qe5 33. Rg1 Rxc3 34. Rxc3 Qxc3 35. Qxf4 Qd4+ 36. Ke2 Qxg1 37. Qxd6 Qg4+
38. Ke3 Qh3+ 39. Kf2 Qh4+ 40. Ke3 Qe1+ 41. Kf3 Qf1+ 42. Ke3 Qg1+ 43. Ke2
Qg4+ 44. Ke3 Qh3+ 45. Kf2 Qh4+ 46. Ke3 1/2-1/2

[Event "City of Dublin IM Norm Tournament 2011"]
[Site "Dublin IRL"]
[Date "2011.08.26"]
[Round "1"]
[White "Martyn, Rafe"]
[Black "Delaney, John"]
[Result "1-0"]
[WhiteTitle "FM"]
[BlackTitle "FM"]
[WhiteElo "2264"]
[BlackElo "2224"]
[BlackICU "2232"]
[BlackClub "Rathmines"]
[WhiteNationality "ENG"]
[WhiteFideId "409626"]
[BlackFideId "2500060"]
[PlyCount "59"]
[EventDate "2011.08.26"]
[Source "P. Fitzsimons, C. Quinn at LCU blog"]

{ Source: Pat Fitzsimons, Ciar&aacute;n Quinn at LCU Chess Cogitations
blog. } { Reference: <a
href="http://www.irlchess.com/cityofdublinimnorm2011_allfiles/pairings_cityofdublinimnorm2011.html">Tournament
report</a>. }

1. d4 e6 2. c4 f5 3. Nc3 Nf6 4. e3 b6 5. Bd3 Bb7 6. f3 Bb4 7. Ne2 c5 8. a3
Bxc3+ 9. Nxc3 Nc6 10. d5 Ne5 11. Be2 O-O 12. O-O Qe7 13. Qd2 Qf7 14. Nb5
Ne8 15. Rd1 Qg6 16. b3 a6 17. Nc3 Rc8 18. Bb2 d6 19. Kh1 Nf7 20. dxe6 Qxe6
21. Nd5 Nc7 22. Qc3 Ne5 23. f4 Bxd5 24. cxd5 Nxd5 25. Rxd5 c4 26. Rad1 cxb3
27. Qd4 Rc7 28. Rxd6 Qe7 29. fxe5 Qg5 30. Bf3 1-0

[Event "City of Dublin IM Norm Tournament 2011"]
[Site "Dublin IRL"]
[Date "2011.08.26"]
[Round "1"]
[White "Fitzsimons, David"]
[Black "Tate, Alan"]
[Result "1/2-1/2"]
[BlackTitle "FM"]
[WhiteElo "2251"]
[BlackElo "2342"]
[WhiteICU "2254"]
[WhiteClub "Elm Mount"]
[BlackNationality "SCO"]
[WhiteFideId "2501961"]
[BlackFideId "2401878"]
[PlyCount "89"]
[EventDate "2011.08.26"]
[Source "P. Fitzsimons, C. Quinn at LCU blog"]

{ Source: Pat Fitzsimons, Ciar&aacute;n Quinn at LCU Chess Cogitations
blog. } { Reference: <a
href="http://www.irlchess.com/cityofdublinimnorm2011_allfiles/pairings_cityofdublinimnorm2011.html">Tournament
report</a>. }

1. e4 c5 2. Nc3 a6 3. f4 b5 4. g3 Bb7 5. Bg2 e6 6. d3 d5 7. Qe2 Nc6 8. Nf3
Nd4 9. Nxd4 cxd4 10. Nd1 dxe4 11. dxe4 Rc8 12. O-O Qc7 13. Nf2 Qxc2 14. Bd2
d3 15. Nxd3 Rd8 16. Rf3 Bb4 17. Rd1 Bxd2 18. Rxd2 Qc4 19. Qd1 Nf6 20. Ne5
Qc5+ 21. Kf1 Rxd2 22. Qxd2 O-O 23. Rc3 Qb4 24. Nd3 Qd4 25. Qf2 Qd8 26. Nc5
Ba8 27. Rd3 Qc7 28. Qd4 a5 29. Qd6 Qa7 30. Nd7 Nxd7 31. Qxd7 Qc5 32. Rc3
Qb4 33. Rc8 g6 34. Rxf8+ Kxf8 35. Qd8+ Kg7 36. Qxa8 Qc4+ 37. Kf2 Qc2+ 38.
Kf1 Qd1+ 39. Kf2 Qd2+ 40. Kg1 Qe3+ 41. Kf1 Qd3+ 42. Kf2 Qd2+ 43. Kf3 Qd1+
44. Ke3 Qc1+ 45. Kf2 1/2-1/2

[Event "City of Dublin IM Norm Tournament 2011"]
[Site "Dublin IRL"]
[Date "2011.08.26"]
[Round "1"]
[White "Collins, Sam"]
[Black "Brady, Stephen"]
[Result "1/2-1/2"]
[WhiteTitle "IM"]
[BlackTitle "FM"]
[WhiteElo "2436"]
[BlackElo "2357"]
[WhiteICU "2449"]
[BlackICU "2335"]
[WhiteClub "Gonzaga"]
[BlackClub "Phibsboro"]
[WhiteFideId "2501198"]
[BlackFideId "2500124"]
[PlyCount "33"]
[EventDate "2011.08.26"]
[Source "P. Fitzsimons, C. Quinn at LCU blog"]

{ Source: Pat Fitzsimons, Ciar&aacute;n Quinn at LCU Chess Cogitations
blog. } { Reference: <a
href="http://www.irlchess.com/cityofdublinimnorm2011_allfiles/pairings_cityofdublinimnorm2011.html">Tournament
report</a>. }

1. c4 e6 2. g3 Nf6 3. Bg2 d5 4. Nf3 Be7 5. O-O O-O 6. b3 a5 7. Nc3 d4 8.
Nb5 Nc6 9. e3 e5 10. exd4 Nxd4 11. Bb2 Nxf3+ 12. Bxf3 c6 13. Nc3 Bc5 14.
Ne4 Nxe4 15. Bxe4 Bd4 16. Bxd4 Qxd4 17. Qc2 1/2-1/2

[Event "City of Dublin IM Norm Tournament 2011"]
[Site "Dublin IRL"]
[Date "2011.08.26"]
[Round "1"]
[White "Burns-Mannion, Stephen"]
[Black "Makepeace, Phil"]
[Result "1-0"]
[WhiteTitle "IM"]
[WhiteElo "2353"]
[BlackElo "2104"]
[WhiteNationality "SCO"]
[BlackNationality "ENG"]
[WhiteFideId "2400111"]
[BlackFideId "413550"]
[PlyCount "105"]
[EventDate "2011.08.26"]
[Source "P. Fitzsimons, C. Quinn at LCU blog"]

{ Source: Pat Fitzsimons, Ciar&aacute;n Quinn at LCU Chess Cogitations
blog. } { Reference: <a
href="http://www.irlchess.com/cityofdublinimnorm2011_allfiles/pairings_cityofdublinimnorm2011.html">Tournament
report</a>. }

1. e4 c6 2. d4 d5 3. f3 e6 4. Nc3 Bb4 5. a3 Bxc3+ 6. bxc3 dxe4 7. Qe2 e3 8.
Qxe3 Nf6 9. Bd3 O-O 10. Qg5 Nbd7 11. Ne2 Re8 12. O-O e5 13. Ng3 h6 14. Qh4
Nd5 15. Qxd8 Rxd8 16. Ne4 b6 17. Re1 exd4 18. cxd4 Nf8 19. Bb2 Nf4 20. Bf1
Bf5 21. Rad1 Rd7 22. c4 Rad8 23. Rd2 N8e6 24. Red1 Bxe4 25. fxe4 Nc5 26. g3
Nfe6 27. Bg2 Nb3 28. d5 Nxd2 29. Rxd2 cxd5 30. cxd5 Nc7 31. Bh3 Rd6 32. Be5
Ne8 33. Rc2 Rg6 34. Bf4 b5 35. Bf1 a6 36. Bg2 Rb6 37. e5 b4 38. axb4 Rxb4
39. d6 g5 40. Be3 f6 41. exf6 Nxf6 42. Bc5 Rb1+ 43. Kf2 Nd7 44. Ba3 Rf8+
45. Ke2 Re8+ 46. Kd2 Rbe1 47. Bf3 R1e3 48. Bh5 R8e5 49. Rc8+ Kh7 50. Bb2
Nf6 51. Rc7+ Kg8 52. d7 Nxd7 53. Rxd7 1-0

[Event "City of Dublin IM Norm Tournament 2011"]
[Site "Dublin IRL"]
[Date "2011.08.26"]
[Round "2"]
[White "Makepeace, Phil"]
[Black "Tate, Alan"]
[Result "0-1"]
[BlackTitle "FM"]
[WhiteElo "2104"]
[BlackElo "2342"]
[WhiteNationality "ENG"]
[BlackNationality "SCO"]
[WhiteFideId "413550"]
[BlackFideId "2401878"]
[PlyCount "82"]
[EventDate "2011.08.26"]
[Source "P. Fitzsimons, C. Quinn at LCU blog"]

{ Source: Pat Fitzsimons, Ciar&aacute;n Quinn at LCU Chess Cogitations
blog. } { Reference: <a
href="http://www.irlchess.com/cityofdublinimnorm2011_allfiles/pairings_cityofdublinimnorm2011.html">Tournament
report</a>. }

1. e4 g6 2. d4 Bg7 3. Be3 d6 4. Nc3 a6 5. a4 Nf6 6. h3 O-O 7. Nf3 Nc6 8.
Qd2 e5 9. dxe5 dxe5 10. Qxd8 Rxd8 11. Bc4 Be6 12. Bxe6 fxe6 13. O-O Nd4 14.
Ne1 a5 15. Kh2 c6 16. f3 Nd7 17. Rf2 Nc5 18. Rb1 Rd7 19. b3 Bf8 20. Rd2
Rad8 21. Kh1 Be7 22. g3 Kg7 23. Rf2 h6 24. Kg2 Na6 25. Na2 c5 26. c3 Nc6
27. h4 c4 28. bxc4 Bc5 29. Nc2 Bxe3 30. Nxe3 Nc5 31. Rb5 Nxa4 32. Ng4 b6
33. Nxe5 Nxe5 34. Rxe5 Nc5 35. Re2 Rd2 36. Kf1 Rd1+ 37. Kg2 R8d2 38. Nc1
Kf6 39. f4 Nd3 40. Nxd3 Rxe2+ 41. Kf3 Rc2 0-1

[Event "City of Dublin IM Norm Tournament 2011"]
[Site "Dublin IRL"]
[Date "2011.08.26"]
[Round "2"]
[White "Delaney, John"]
[Black "Collins, Sam"]
[Result "0-1"]
[WhiteTitle "FM"]
[BlackTitle "IM"]
[WhiteElo "2224"]
[BlackElo "2436"]
[WhiteICU "2232"]
[BlackICU "2449"]
[WhiteClub "Rathmines"]
[BlackClub "Gonzaga"]
[WhiteFideId "2500060"]
[BlackFideId "2501198"]
[PlyCount "64"]
[EventDate "2011.08.26"]
[Source "P. Fitzsimons, C. Quinn at LCU blog"]

{ Source: Pat Fitzsimons, Ciar&aacute;n Quinn at LCU Chess Cogitations
blog. } { Reference: <a
href="http://www.irlchess.com/cityofdublinimnorm2011_allfiles/pairings_cityofdublinimnorm2011.html">Tournament
report</a>. }

1. e4 e5 2. Nf3 Nc6 3. Bb5 a6 4. Ba4 Nf6 5. Qe2 Be7 6. O-O b5 7. Bb3 d6 8.
h3 Na5 9. Nc3 O-O 10. d3 c6 11. Bg5 h6 12. Bd2 Nh7 13. Nd1 Nxb3 14. axb3 f5
15. b4 Qe8 16. Kh1 fxe4 17. dxe4 Be6 18. b3 Qf7 19. Ng1 Nf6 20. Ra2 d5 21.
exd5 Nxd5 22. Qxe5 Nxb4 23. Bxb4 Bxb4 24. Qe4 c5 25. Ne3 a5 26. Ne2 Rae8
27. Qd3 c4 28. bxc4 Bxc4 29. Nxc4 bxc4 30. Qd1 Rd8 31. Qa1 c3 32. Nc1 Qxf2
0-1

[Event "City of Dublin IM Norm Tournament 2011"]
[Site "Dublin IRL"]
[Date "2011.08.26"]
[Round "2"]
[White "Daly, Colm"]
[Black "Fitzsimons, David"]
[Result "1/2-1/2"]
[WhiteTitle "FM"]
[WhiteElo "2305"]
[BlackElo "2251"]
[WhiteICU "2258"]
[BlackICU "2254"]
[WhiteClub "Bray/Greystones"]
[BlackClub "Elm Mount"]
[WhiteFideId "2500434"]
[BlackFideId "2501961"]
[PlyCount "27"]
[EventDate "2011.08.26"]
[Source "P. Fitzsimons, C. Quinn at LCU blog"]

{ Source: Pat Fitzsimons, Ciar&aacute;n Quinn at LCU Chess Cogitations
blog. } { Reference: <a
href="http://www.irlchess.com/cityofdublinimnorm2011_allfiles/pairings_cityofdublinimnorm2011.html">Tournament
report</a>. }

1. Nf3 Nf6 2. c4 e6 3. b3 b6 4. Bb2 Bb7 5. e3 Be7 6. Be2 O-O 7. O-O c5 8.
Nc3 d5 9. cxd5 Nxd5 10. d4 Nd7 11. Nxd5 Bxd5 12. Rc1 Rc8 13. Ba6 Rc7 14.
Qe2 1/2-1/2

[Event "City of Dublin IM Norm Tournament 2011"]
[Site "Dublin IRL"]
[Date "2011.08.26"]
[Round "2"]
[White "Burns-Mannion, Stephen"]
[Black "Martyn, Rafe"]
[Result "1-0"]
[WhiteTitle "IM"]
[BlackTitle "FM"]
[WhiteElo "2353"]
[BlackElo "2264"]
[WhiteNationality "SCO"]
[BlackNationality "ENG"]
[WhiteFideId "2400111"]
[BlackFideId "409626"]
[PlyCount "119"]
[EventDate "2011.08.26"]
[Source "P. Fitzsimons, C. Quinn at LCU blog"]

{ Source: Pat Fitzsimons, Ciar&aacute;n Quinn at LCU Chess Cogitations
blog. } { Reference: <a
href="http://www.irlchess.com/cityofdublinimnorm2011_allfiles/pairings_cityofdublinimnorm2011.html">Tournament
report</a>. }

1. e4 c6 2. d4 d5 3. e5 c5 4. dxc5 e6 5. Be3 Nd7 6. Bb5 Qc7 7. Nf3 Bxc5 8.
Bxc5 Qxc5 9. Nc3 Ne7 10. O-O a6 11. Ba4 Qc7 12. Re1 O-O 13. Qe2 b5 14. Bb3
Ng6 15. Rac1 Bb7 16. h4 f6 17. exf6 Rxf6 18. Ng5 Nf4 19. Qg4 Ne5 20. Qg3
Raf8 21. Ne2 Neg6 22. h5 Nxe2+ 23. Rxe2 Nf4 24. Re3 Qb6 25. Rce1 Kh8 26.
Rf3 Qd6 27. Nxe6 Rxe6 28. Rxe6 Qxe6 29. Rxf4 Re8 30. Qf3 Qe1+ 31. Kh2 Qe7
32. Rf7 Qe5+ 33. g3 Qb8 34. Bxd5 Bxd5 35. Qxd5 h6 36. Qf3 Qe5 37. c3 Qe6
38. a3 Qb3 39. Ra7 Qxb2 40. Rxa6 Rc8 41. Rxh6+ gxh6 42. Qf6+ Kg8 43. Qe6+
Kg7 44. Qxc8 Qxf2+ 45. Kh3 Qf1+ 46. Kg4 Qe2+ 47. Kh4 Qe7+ 48. Kh3 Qe5 49.
Qg4+ Kh7 50. Qg6+ Kh8 51. Qxh6+ Kg8 52. Qg6+ Kh8 53. h6 Qxc3 54. Qg7+ Qxg7
55. hxg7+ Kxg7 56. Kg4 Kg6 57. Kf4 Kf6 58. Ke4 Ke6 59. Kd4 Kd6 60. Kc3 1-0

[Event "City of Dublin IM Norm Tournament 2011"]
[Site "Dublin IRL"]
[Date "2011.08.26"]
[Round "2"]
[White "Brady, Stephen"]
[Black "Wall, Gavin"]
[Result "1-0"]
[WhiteTitle "FM"]
[BlackTitle "IM"]
[WhiteElo "2357"]
[BlackElo "2329"]
[WhiteICU "2335"]
[BlackICU "2311"]
[WhiteClub "Phibsboro"]
[WhiteFideId "2500124"]
[BlackFideId "2501244"]
[PlyCount "77"]
[EventDate "2011.08.26"]
[Source "P. Fitzsimons, C. Quinn at LCU blog"]

{ Source: Pat Fitzsimons, Ciar&aacute;n Quinn at LCU Chess Cogitations
blog. } { Reference: <a
href="http://www.irlchess.com/cityofdublinimnorm2011_allfiles/pairings_cityofdublinimnorm2011.html">Tournament
report</a>. }

1. e4 e5 2. Nf3 d6 3. d4 exd4 4. Nxd4 Nf6 5. Nc3 Be7 6. g3 O-O 7. Bg2 Re8
8. O-O c6 9. Re1 Qc7 10. Bf4 Ng4 11. Nf5 Bxf5 12. exf5 Ne5 13. Bxe5 dxe5
14. Ne4 Nd7 15. Qf3 Nf6 16. Bf1 Rad8 17. Bc4 Nxe4 18. Rxe4 b5 19. Bd3 Bf6
20. a4 a6 21. axb5 axb5 22. Ree1 Qb6 23. Be4 c5 24. Red1 c4 25. c3 Rxd1+
26. Qxd1 Rd8 27. Ra8 Rxa8 28. Bxa8 Qd8 29. Qf3 Bg5 30. Bc6 b4 31. Bd5 bxc3
32. bxc3 Be7 33. Bxc4 Bc5 34. Qc6 Qe7 35. Qc8+ Qf8 36. Bxf7+ Kh8 37. Qxf8+
Bxf8 38. f3 Be7 39. c4 1-0

[Event "City of Dublin IM Norm Tournament 2011"]
[Site "Dublin IRL"]
[Date "2011.08.27"]
[Round "3"]
[White "Tate, Alan"]
[Black "Daly, Colm"]
[Result "1-0"]
[WhiteTitle "FM"]
[BlackTitle "FM"]
[WhiteElo "2342"]
[BlackElo "2305"]
[BlackICU "2258"]
[BlackClub "Bray/Greystones"]
[WhiteNationality "SCO"]
[WhiteFideId "2401878"]
[BlackFideId "2500434"]
[PlyCount "87"]
[EventDate "2011.08.26"]
[Source "P. Fitzsimons, C. Quinn at LCU blog"]

{ Source: Pat Fitzsimons, Ciar&aacute;n Quinn at LCU Chess Cogitations
blog. } { Reference: <a
href="http://www.irlchess.com/cityofdublinimnorm2011_allfiles/pairings_cityofdublinimnorm2011.html">Tournament
report</a>. }

1. e4 e6 2. d4 d5 3. Nd2 Nf6 4. e5 Nfd7 5. Bd3 c5 6. c3 Nc6 7. Ngf3 a5 8.
O-O Be7 9. Re1 c4 10. Bc2 b5 11. b3 Nb6 12. bxc4 bxc4 13. a4 Bd7 14. h4
Bxh4 15. Nxh4 Qxh4 16. Rb1 Nc8 17. Re3 Qe7 18. Rg3 f5 19. exf6 gxf6 20.
Qh5+ Qf7 21. Qh6 N8e7 22. Nf3 Rg8 23. Rxg8+ Nxg8 24. Qf4 Nge7 25. Qg3 Ng6
26. Ba3 O-O-O 27. Bd6 Be8 28. Rb6 Qd7 29. Bc5 Qc7 30. Qh3 Nf4 31. Qh4 f5
32. Kf1 Ng6 33. Qf6 Bd7 34. g3 Rh8 35. Ng5 Nd8 36. Qg7 Bc6 37. Qf6 Re8 38.
Rb1 Qd7 39. Kg2 Bxa4 40. Bxf5 exf5 41. Qa6+ Qb7 42. Rxb7 Nxb7 43. Nf7 Kc7
44. Bb6+ 1-0

[Event "City of Dublin IM Norm Tournament 2011"]
[Site "Dublin IRL"]
[Date "2011.08.27"]
[Round "3"]
[White "Martyn, Rafe"]
[Black "Makepeace, Phil"]
[Result "1-0"]
[WhiteTitle "FM"]
[WhiteElo "2264"]
[BlackElo "2104"]
[WhiteNationality "ENG"]
[BlackNationality "ENG"]
[WhiteFideId "409626"]
[BlackFideId "413550"]
[PlyCount "99"]
[EventDate "2011.08.26"]
[Source "P. Fitzsimons, C. Quinn at LCU blog"]

{ Source: Pat Fitzsimons, Ciar&aacute;n Quinn at LCU Chess Cogitations
blog. } { Reference: <a
href="http://www.irlchess.com/cityofdublinimnorm2011_allfiles/pairings_cityofdublinimnorm2011.html">Tournament
report</a>. }

1. d4 d5 2. c4 e6 3. g3 Nf6 4. Nf3 dxc4 5. Bg2 c5 6. Qa4+ Nbd7 7. Qxc4 Nb6
8. Qd3 cxd4 9. Qxd4 Qxd4 10. Nxd4 Bb4+ 11. Bd2 Bxd2+ 12. Nxd2 a6 13. N4b3
Nbd5 14. O-O O-O 15. e4 Nb4 16. e5 Nfd5 17. Be4 Bd7 18. a3 Nc6 19. f4 Nce7
20. Rfc1 b6 21. Nc4 Rab8 22. Nd6 Rfd8 23. Nd4 g6 24. Kf2 Kg7 25. b4 Ba4 26.
Kf3 Rf8 27. Ra2 Kg8 28. Rd2 h5 29. h3 Kg7 30. g4 hxg4+ 31. hxg4 Rh8 32. f5
Rh3+ 33. Kf2 Rh2+ 34. Bg2 gxf5 35. Kg1 Rbh8 36. gxf5 exf5 37. N4xf5+ Nxf5
38. Nxf5+ Kg6 39. Rf1 Nc3 40. Rd6+ Kg5 41. Nd4 R2h5 42. Rxf7 Bd1 43. Ne6+
Kh4 44. Rg7 Rxe5 45. Rd4+ Kh5 46. Nf4+ Kh4 47. Ng6+ Kg5 48. Nxh8+ Kh6 49.
Rg6+ Kh5 50. Rxd1 1-0

[Event "City of Dublin IM Norm Tournament 2011"]
[Site "Dublin IRL"]
[Date "2011.08.27"]
[Round "3"]
[White "Fitzsimons, David"]
[Black "Brady, Stephen"]
[Result "0-1"]
[BlackTitle "FM"]
[WhiteElo "2251"]
[BlackElo "2357"]
[WhiteICU "2254"]
[BlackICU "2335"]
[WhiteClub "Elm Mount"]
[BlackClub "Phibsboro"]
[WhiteFideId "2501961"]
[BlackFideId "2500124"]
[PlyCount "86"]
[EventDate "2011.08.26"]
[Source "P. Fitzsimons, C. Quinn at LCU blog"]

{ Source: Pat Fitzsimons, Ciar&aacute;n Quinn at LCU Chess Cogitations
blog. } { Reference: <a
href="http://www.irlchess.com/cityofdublinimnorm2011_allfiles/pairings_cityofdublinimnorm2011.html">Tournament
report</a>. }

1. e4 e6 2. d4 d5 3. Nc3 Nf6 4. e5 Nfd7 5. f4 c5 6. Nf3 Nc6 7. Be3 cxd4 8.
Nxd4 Bc5 9. Qd2 O-O 10. O-O-O a6 11. Nb3 Bxe3 12. Qxe3 b5 13. Bd3 b4 14.
Na4 Qh4 15. Rhf1 Bb7 16. Rf3 f5 17. Rh3 Qe7 18. Rg1 g6 19. g4 Kh8 20. Rhg3
Ndxe5 21. Nac5 Nxg4 22. Qxe6 Qxe6 23. Nxe6 Rf7 24. Be2 Nf6 25. Nbc5 Re8 26.
Ng5 Rfe7 27. Bxa6 Bxa6 28. Nxa6 Ra8 29. Nc5 Rxa2 30. R1g2 Nh5 31. Rf3 Nd4
32. Rff2 Re1+ 33. Kd2 Raa1 34. Kd3 Rad1+ 35. Rd2 Nxf4+ 36. Kxd4 Nxg2 37.
Rxd1 Rxd1+ 38. Ke5 Kg7 39. Nce6+ Kh6 40. Kf6 Kh5 41. Nf3 Kg4 42. Ned4 Rxd4
43. Nxd4 f4 0-1

[Event "City of Dublin IM Norm Tournament 2011"]
[Site "Dublin IRL"]
[Date "2011.08.27"]
[Round "3"]
[White "Collins, Sam"]
[Black "Burns-Mannion, Stephen"]
[Result "1-0"]
[WhiteTitle "IM"]
[BlackTitle "IM"]
[WhiteElo "2436"]
[BlackElo "2353"]
[WhiteICU "2449"]
[WhiteClub "Gonzaga"]
[BlackNationality "SCO"]
[WhiteFideId "2501198"]
[BlackFideId "2400111"]
[PlyCount "93"]
[EventDate "2011.08.26"]
[Source "P. Fitzsimons, C. Quinn at LCU blog"]

{ Source: Pat Fitzsimons, Ciar&aacute;n Quinn at LCU Chess Cogitations
blog. } { Reference: <a
href="http://www.irlchess.com/cityofdublinimnorm2011_allfiles/pairings_cityofdublinimnorm2011.html">Tournament
report</a>. }

1. c4 Nf6 2. g3 c6 3. Bg2 d5 4. Nf3 Bf5 5. cxd5 cxd5 6. Qb3 Qb6 7. Qxb6
axb6 8. Nc3 e6 9. d3 Nc6 10. O-O Bb4 11. Nb5 Kd7 12. a3 Rhc8 13. Bf4 Be7
14. Rfc1 h6 15. b4 g5 16. Ne5+ Nxe5 17. Bxe5 Bg4 18. Kf1 Rc6 19. h3 Bh5 20.
g4 Bg6 21. f4 gxf4 22. Bxf4 h5 23. g5 Nh7 24. h4 f6 25. Nd4 Rxc1+ 26. Rxc1
e5 27. Bh3+ Ke8 28. Nb5 Kf7 29. gxf6 Kxf6 30. Bg3 Rf8 31. Nc7 Bf7 32. Kg1
Bd6 33. Nb5 Bb8 34. Nc7 e4 35. Bf2 exd3 36. exd3 Rg8+ 37. Kf1 Nf8 38. Bd4+
Kg6 39. Bxb6 Kh7 40. Bf2 Ng6 41. Bf5 Rd8 42. Re1 Kg8 43. Ne6 Re8 44. Nc5
Rf8 45. Nd7 Rd8 46. Bb6 Nxh4 47. Bxd8 1-0

[Event "City of Dublin IM Norm Tournament 2011"]
[Site "Dublin IRL"]
[Date "2011.08.27"]
[Round "4"]
[White "Martyn, Rafe"]
[Black "Collins, Sam"]
[Result "1/2-1/2"]
[WhiteTitle "FM"]
[BlackTitle "IM"]
[WhiteElo "2264"]
[BlackElo "2436"]
[BlackICU "2449"]
[BlackClub "Gonzaga"]
[WhiteNationality "ENG"]
[WhiteFideId "409626"]
[BlackFideId "2501198"]
[PlyCount "50"]
[EventDate "2011.08.26"]
[Source "P. Fitzsimons, C. Quinn at LCU blog"]

{ Source: Pat Fitzsimons, Ciar&aacute;n Quinn at LCU Chess Cogitations
blog. } { Reference: <a
href="http://www.irlchess.com/cityofdublinimnorm2011_allfiles/pairings_cityofdublinimnorm2011.html">Tournament
report</a>. }

1. d4 d5 2. c4 c6 3. Nc3 Nf6 4. e3 a6 5. Qc2 e6 6. Nf3 c5 7. dxc5 Bxc5 8.
a3 dxc4 9. Bxc4 Nbd7 10. b4 Ba7 11. Bb2 b5 12. Be2 Bb7 13. a4 bxa4 14. Rxa4
Bb8 15. O-O O-O 16. Rc1 Qb6 17. b5 Rc8 18. bxa6 Bxa6 19. Bxa6 Rxa6 20. Rxa6
Qxa6 21. Qa4 Qb6 22. Nb5 Rxc1+ 23. Bxc1 Qc6 24. Bb2 h6 25. Qb3 Qd5 1/2-1/2

[Event "City of Dublin IM Norm Tournament 2011"]
[Site "Dublin IRL"]
[Date "2011.08.27"]
[Round "4"]
[White "Makepeace, Phil"]
[Black "Daly, Colm"]
[Result "0-1"]
[BlackTitle "FM"]
[WhiteElo "2104"]
[BlackElo "2305"]
[BlackICU "2258"]
[BlackClub "Bray/Greystones"]
[WhiteNationality "ENG"]
[WhiteFideId "413550"]
[BlackFideId "2500434"]
[PlyCount "60"]
[EventDate "2011.08.26"]
[Source "P. Fitzsimons, C. Quinn at LCU blog"]

{ Source: Pat Fitzsimons, Ciar&aacute;n Quinn at LCU Chess Cogitations
blog. } { Reference: <a
href="http://www.irlchess.com/cityofdublinimnorm2011_allfiles/pairings_cityofdublinimnorm2011.html">Tournament
report</a>. }

1. e4 c5 2. Nf3 e6 3. d3 Nc6 4. g3 d5 5. Qe2 d4 6. Bg2 e5 7. h3 Be7 8. O-O
h5 9. Nh2 h4 10. g4 g5 11. Bd2 f6 12. a4 Bd6 13. Na3 Be6 14. Rfb1 Nge7 15.
Qe1 Ng6 16. Bf1 Rh7 17. Kh1 Rd7 18. Kg1 Bc7 19. Nb5 Ba5 20. Bxa5 Qxa5 21.
Qxa5 Nxa5 22. b3 Nf4 23. Nf3 Ke7 24. Nd2 b6 25. Na3 Rb8 26. Ndc4 Nc6 27.
Kh2 a6 28. Rb2 b5 29. axb5 axb5 30. Nd2 Ra7 0-1